Statistics for Random Trivia Quiz by Pictures #1

Click here to take the quiz!

General Stats

  • This quiz has been taken 33 times
  • The average score is 6 of 20

Answer Stats

Answer% Correct
Marilyn Monroe
97%
Mikhail Gorbachev
77%
Omega
58%
The Love Boat
58%
Ketchup
55%
George Orwell
48%
Rosetta Stone
48%
Abyssinia
39%
Nazca Lines
23%
James Garfield
16%
Joséphine
16%
Antonín Dvořák
10%
Callisto
10%
Erki Nool
10%
Ala kachuu
6%
Hypatia
6%
Q.E.D.
6%
Pleochroism
3%
Mr. Darcy and Elizabeth Bennet
0%
Sporty Spice
0%

Score Distribution

Percentile by Number Answered

Percent of People with Each Score

Your Score History

You have not taken this quiz